000 01061nam0a22002411 4500
001 rc\1106242
005 20041126174135.5
035 _a(NLR Aleph) 006350992
090 _a4801333
_c4801333
100 _a20041126d1982 u |0rusy50 ca
101 0 _arus
102 _aRU
105 _ay |||||||||
200 1 _aИспользование материалов XXVI съезда КПСС при изучении курса "Хозяйственные вычисления и вычислительные машины"
_eМетод. разраб. для преподавателей техникумов
_fМ-во торговли УССР. Учеб.-метод. каб.
_g[Сост. преп. Макляк Т.Н.]
210 _aКиев
_cУМКМТ
_d1982
215 _a17 с.
_d20
702 1 _aМакляк
_bТ. Н.
_gТамара Николаевна
_4220
712 0 1 _aУССР
_bМ-во торговли
_bУчеб.-метод. кабинет
801 0 _aRU
_bNLR
_gpsbo
801 1 _aRU
_bELAR
_2rusmarc
852 _aNLR
_j82-4/26944
942 _cBOOK
980 _aNB